Lady Gaga - Statistiques

Statistiques générales
  • Ce quiz a été pris 353 fois
  • Le résultat moyen est 24 sur 50
Statistiques - réponses
Date Album % Correct
2008 The Fame
88%
2020 Chromatica
84%
2009 The Fame Monster
83%
2011 Born This Way
82%
Quel apôtre de Jésus est aussi le nom d'une chanson de Lady Gaga sortie en 2011 ? Judas
79%
Quel est son vrai prénom ? Stéfani
79%
2013 Artpop
78%
2016 Joanne
78%
Quelle chanson du groupe Queen est à l'origine de son pseudonyme ? Radio Ga Ga
76%
En quelle année, Lady Gaga a fait le spectacle de la mi-temps du Super Bowl ? 2017
73%
Comment s'appelle les fans de Lady Gaga ? Little Monsters
70%
Dans la chanson "Alejandro", avec ce prénom et Fernando, quel troisième prénom est cité dans la chanson ? Roberto
68%
Quelle chanson sortie en 2011 est un gros mot en allemand ? Scheiße
65%
Qui a réalisé et tient le premier rôle masculin dans le film "A Star is Born" avec Lady Gaga ? Bradley Cooper
64%
Avec quel chanteur et acteur américain, Lady Gaga a t-elle fait 2 albums collaboratifs en 2014 et 2021 ? Tony Bennett
63%
Pour quel président américain, Lady Gaga a-t-elle chanté l'hymne américain lors de la cérémonie d'investiture en 2021 ? Joe Biden
62%
Quelle chanson est considérée comme la suite du vidéoclip de "Paparazzi" ? Telephone
62%
Avec qui Lady Gaga interprète-t-elle le titre "Rain On Me" ? Ariana Grande
59%
Grâce à quelle série, la chanson "Bloody Mary" connait un regain d'intérêt en 2022 lorsque des utilisateurs de TikTok postent des vidéos d'eux dansant sur une version accélérée reproduisant la chorégraphie du personnage principal ? Mercredi
59%
Dans quelle série télévisée, Lady Gaga a-t-elle interprété le rôle de la comtesse Elizabeth Johnson et a reçu un Golden Globe en 2016 ? American Horror Story
56%
Finit le titre de cette chanson : "The Edge Of..." Glory
56%
Quelle chanson de Lady Gaga sortie en 2008 est aussi le nom d'un jeu-vidéo ? Just Dance
55%
Pour quel film sortie en 2022, Lady Gaga a composée et interprétée la chanson originale "Hold My Hand" ? Top Gun : Maverick
54%
Pour quelle chanteuse, la chanson "Telephone" avec Beyoncé était initialement composé ? Britney Spears
52%
Finit le titre de cette chanson : "Dance In The..." Dark
49%
Quel rôle, Lady Gaga interprètera dans le film "Joker : Folie à deux" qui sortira en octobre 2024 ? Harley Quinn
49%
Quelle chanson de Lady Gaga sortie en 2017 est aussi le nom d'un acteur américain ? John Wayne
49%
Cite-moi une chanson récompensée aux Grammy Awards pas citée dans ce quiz : Poker Face/Bad Romance/Joanne/Shallow/A Star Is Born/I'll Never Love Again
49%
Avec quelle marque de biscuits, Lady Gaga a créée des nouveaux biscuits aux couleurs de son nouvel album en édition limitée à partir de 2021 ? Oreo
48%
Finit le titre de cette chanson : "Government..." Hooker
46%
Avec qui Lady Gaga interprète-t-elle le titre "Sour Candy" ? BLACKPINK
44%
Dans quel festival, la chanson "The Cure" a été interprétée en public pour la première fois en 2017 ? Coachella
44%
Finit le titre de cette chanson : "Perfect..." Illusion
44%
Dans quelle ville des USA, Lady Gaga a fait une tournée résidentielle baptisée "Lady Gaga Enigma" de 2018 à 2020 ? Las Vegas
39%
Dans quel clip d'une chanson de Lady Gaga, l'a voit-on dans un métro ou dans un parking souterrain ? LoveGame
39%
Avec quelle autre chanteuse Lady Gaga interprète-t-elle un remix de sa chanson "Do What U Want" en 2013 originellement avec R. Kelly ? Christina Aguilera
35%
Comment s'appelle sa marque de cosmétiques lancé en 2019 ? Haus Laboratories
34%
Avec qui Lady Gaga interprète-t-elle le titre "Sine From Above" ? Elton John
33%
Quelle chanson sortie en 2011 a été utilisée dans le film "Le Chat Potté" ? Americano
31%
Quel est le nom du collectif d’artistes et de créateurs qui entourent Lady Gaga qui s’occupe de son image, de son look quotidien, des tenues de scène, des coiffures et de son maquillage ? Haus of Gaga
31%
De quelle maladie, Lady Gaga révèle-t-elle souffrir depuis des années en 2017 ? Fibromyalgie
28%
Avec qui Lady Gaga interprète-t-elle le titre "Hey Girl" ? Florence Welch
19%
Quel chanson de 2012 de Lady Gaga avait choqué une partie du public car elle faisait référence à la mort de la princesse Diana ? Princess Die
19%
Avec qui Lady Gaga interprète-t-elle le titre "Starstruck" ? Flo Rida/Space Cowboy
17%
Quel est la race des chiens de Lady Gaga qui avaient été enlevés en 2021 ? Bouledogue français
15%
Quel rôle joue Lady Gaga dans le film de Ridley Scott, "House of Gucci" ? Patrizia Reggiani
13%
De quel film sorti en 1965 ,Lady Gaga a-t-elle interprété plusieurs chansons tirées de celui-ci à la cérémonie des Oscars de 2015 ? La Mélodie du bonheur
10%
Comment s'appelle la DJ avec qui Lady Gaga a collaboré au début de sa carrière ? Lady Starlight
8%
Avec qui Lady Gaga interprète-t-elle un remix de sa chanson "Free Woman" dans l'album de remixes "Dawn of Chromatica" ? Pabllo Vittar
2%
Avec qui Lady Gaga interprète-t-elle le titre "Marry The Night" ? Zedd
2%
Aucun quiz correspondant
Distribution des résultats
% des personnes avec chaque résultat
Percentile par nombre de réponses
Votre historique - résultats
Vous n’avez pas pris ce quiz